E-COMMERCE (Record no. 16308)
[ view plain ]
| 000 -LEADER | |
|---|---|
| fixed length control field | 00291nam a22001457a 4500 |
| 003 - CONTROL NUMBER IDENTIFIER | |
| control field | SGT |
| 020 ## - INTERNATIONAL STANDARD BOOK NUMBER | |
| International Standard Book Number | 9789353063153 |
| 082 ## - DEWEY DECIMAL CLASSIFICATION NUMBER | |
| Classification number | 381.14 |
| Item number | LAU |
| 100 ## - MAIN ENTRY--PERSONAL NAME | |
| Personal name | LAUDON, KENNETH C |
| 245 ## - TITLE STATEMENT | |
| Title | E-COMMERCE |
| 250 ## - EDITION STATEMENT | |
| Edition statement | 13TH |
| 260 ## - PUBLICATION, DISTRIBUTION, ETC. (IMPRINT) | |
| Name of publisher, distributor, etc | PEARSON INDIA |
| Year of Publication | 2018 |
| 300 ## - PAGE DESCRIPTION | |
| No. of Pages | 909 |
| 942 ## - ADDED ENTRY ELEMENTS (KOHA) | |
| Source of classification or shelving scheme | Dewey Decimal Classification |
| Koha item type | Books |
| Withdrawn status | Lost status | Source of classification or shelving scheme | Damaged status | Not for loan | Collection code | Home library | Current library | Date acquired | Vendor Name | Cost, normal purchase price | SGTU | Bill Number | Total Checkouts | Full call number | Accession No. (Barcode) | Date last seen | Date last borrowed | Bill Date | Koha item type |
|---|---|---|---|---|---|---|---|---|---|---|---|---|---|---|---|---|---|---|---|
| Dewey Decimal Classification | COMMERCE MANAGEMENT | SGT Science & Social Sciences Library | SGT Science & Social Sciences Library | 13/12/2018 | KIRTI PRAKSHAN | 849.00 | SGTU | IN1748 | 3 | 381.14 LAU | CM5049 | 28/07/2021 | 26/07/2021 | Books | |||||
| Dewey Decimal Classification | COMMERCE MANAGEMENT | SGT Science & Social Sciences Library | SGT Science & Social Sciences Library | 13/12/2018 | KIRTI PRAKSHAN | 849.00 | SGTU | IN1748 | 3 | 381.14 LAU | CM5050 | 02/08/2021 | 21/07/2021 | Books |